|
|
|
|
| LEADER |
01548nam a22002777a 4500 |
| 001 |
18774 |
| 003 |
BD-DhAAL |
| 005 |
20250113161701.0 |
| 008 |
240104t2009 bg a|||| |||| 00| 0 ben d |
| 020 |
|
|
|a 9843000031961
|
| 040 |
|
|
|a BD-DhAAL
|d BD-DhAAL
|
| 041 |
|
|
|a ben
|
| 082 |
|
|
|a 306.08095492
|
| 245 |
|
|
|a মানবেন্দ্র নারায়ণ লারমা :
|b জীবন ও সংগ্রাম /
|c সম্পাদনা মঙ্গল কুমার চাকমা.
|
| 260 |
|
|
|a ঢাকা :
|b এম এন লারমা মেমোরিয়েল ফাউন্ডেশন,
|c ২০০৯.
|
| 300 |
|
|
|a ২৭০ পৃষ্ঠা :
|b চিত্র ;
|c ২২ সে.মি.
|
| 526 |
|
|
|x Dr. Ferdous Jahan
Coordinator, BDI
Freedom movements and economic struggles project at BDI
|
| 541 |
|
|
|a Pathak shamabesh
|e 18774
|
| 600 |
|
|
|a লারমা, নারায়ণ.
|d ১৯৩৯-১৯৮৩
|9 55893
|
| 650 |
|
|
|a Indigenous peoples
|z Bangladesh
|
| 700 |
|
|
|a চাকমা, মঙ্গল কুমার
|9 55892
|
| 710 |
|
|
|a এম এন লারমা মেমোরিয়েল ফাউন্ডেশন.
|9 55894
|
| 852 |
|
|
|a Ayesha Abed Library
|c General Stacks
|
| 942 |
|
|
|2 ddc
|c BK
|
| 999 |
|
|
|c 46275
|d 46275
|
| 952 |
|
|
|0 0
|1 0
|2 ddc
|4 0
|6 306_080954920000000_MAN
|7 0
|9 74915
|a BRACUL
|b BRACUL
|c GEN
|d 2024-01-04
|e Pathak shamabesh
|g 400.00
|l 1
|m 1
|o 306.08095492 MAN
|p 3010018774
|r 2024-12-15
|s 2024-12-08
|t 1
|w 2024-01-04
|y BK
|x Requisitioned by Dr. Ferdous Jahan Coordinator, BDI. Course name and no. N/A.
|